Basikal yang buruk

Bibliographic Details
Other Authors: Safura (penyusun)
Format: Book
Published: Kuala Lumpur : Fargoes , 2002
Series:Tekun membaca
Subjects:

MARC

LEADER 00000cam a2200000 7i4500
001 0000001131
005 20220105103918.0
008 070704
020 |a 9679279405 
090 0 0 |a JP   |b MAL (1219) 
245 0 0 |a Basikal yang buruk   |c Safura (penyusun) 
260 |a Kuala Lumpur :   |b Fargoes ,   |c 2002 
440 0 |a Tekun membaca 
500 |a Children age 4-6 years old (yellow) 
650 0 |a Junior preschool   |x Malay   |x Languages 
700 0 |a Safura (penyusun) 
999 |a 0000090104   |b Book   |c Children Collection   |e Cawangan Taman Universiti 
999 |a 0000766649   |b Book   |c Children Collection   |e Cawangan Bandar Penawar 
999 |a 0000766650   |b Book   |c Children Collection   |e Cawangan Bandar Penawar 
999 |a 0000773258   |b Book   |c Children Collection   |e Cawangan Pontian 
999 |a 0000773259   |b Book   |c Children Collection   |e Cawangan Pontian 
999 |a 0000786890   |b Book   |c Children Collection   |e Cawangan Segamat 
999 |a 0000786891   |b Book   |c Children Collection   |e Cawangan Segamat 
999 |a 0000896393   |b Book   |c Children Collection   |e Cawangan Pontian 
999 |a 0000896395   |b Book   |c Children Collection   |e Cawangan Bandar Penawar 
999 |a 0000896398   |b Book   |c Children Collection   |e Cawangan Segamat 
999 |a 0000896399   |b Book   |c Children Collection   |e Cawangan Tangkak 
999 |a 0000901044   |b Book   |c Children Collection   |e Cawangan Taman Universiti 
999 |a 0000901045   |b Book   |c Children Collection   |e Cawangan Taman Universiti 
999 |a 0000956965   |b Book   |c Children Collection   |e Perbadanan Perpustakaan Awam Johor 
999 |a 0000956967   |b Book   |c Children Collection   |e Perbadanan Perpustakaan Awam Johor 
999 |a 0000956968   |b Book   |c Children Collection   |e Cawangan Pontian 
999 |a 0001095812   |b Book   |c Children Collection   |e Cawangan Tangkak 
999 |a 0001095815   |b Book   |c Children Collection   |e Cawangan Taman Sri Lambak 
999 |a 0001164857   |b Book   |c Children Collection   |e Cawangan Taman Universiti 
999 |a 0001164861   |b Book   |c Children Collection   |e Cawangan Segamat 
999 |a 0001164862   |b Book   |c Children Collection   |e Cawangan Bandar Penawar 
999 |a 0001164867   |b Book   |c Children Collection   |e Cawangan Pontian 
999 |a 0001164868   |b Book   |c Children Collection   |e Cawangan Tmn. Ungku Tun Aminah 
999 |a 0001164869   |b Book   |c Children Collection   |e Cawangan Taman Sri Lambak